| 000 | 00625nam a2200181 i 4500 | ||
|---|---|---|---|
| 001 | 150256 | ||
| 003 | ES-MaACL | ||
| 005 | 20230906203434.0 | ||
| 007 | t| | ||
| 008 | 071029s1956 fr ||||1| fre d | ||
| 100 | 1 |
_aVaes, Urbain J. _9112396 |
|
| 245 | 1 | 3 |
_aLa technique du financement des entreprises et spécialment des sociétés de capitaux / _cpar Urbain J. Vaes. |
| 250 | _a3e éd. | ||
| 260 |
_aParis : _bDunod, _c1956. |
||
| 300 |
_a550 p. ; _c25 cm. |
||
| 500 | _aUniversité de Louvain. Centre de Recherches en Economie et Gestion des Entrepises. Publications. Nº 6. | ||
| 852 |
_aES-MaACL _jC-11230 _bR.39522 |
||
| 999 |
_c150256 _d150256 |
||